000 00759cam a22002651 4500
001 15876
003 BD-RjUL
005 20211208235913.0
008 140211s1949 nyua 001 0 eng
035 _a(BD-RjUL)15931
035 _a(OCoLC)727984
040 _aDLC
_cOClU
_dOCoLC
_dDLC
_dBD-RjUL
_beng
041 _aeng
082 _a659.1324
_bPRA 1949
100 1 _aPrice, Matlack.
_949231
245 1 0 _aAdvertising and editorial layout /
_cMatlack Price
250 _a1st ed.
260 _aNew York :
_bMcGraw-Hill Book Co.,
_cc1949.
300 _axi, 359 p. :
_billus. (part col.) ;
_c26 cm.
504 _aIncludes index.
650 0 _aAdvertising layout and typography.
_949232
942 _2ddc
_cBK
999 _c15876
_d15876